Marx para principiantes /
Guardado en:
| Autor Principal: | |
|---|---|
| Otros Autores: | |
| Formato: | Libro |
| Publicado: |
Buenos Aires :
Era Naciente,
1996
|
| Series: | Para Principiantes ;
7 |
| Materias: | |
| Etiquetas: |
Agregar Etiqueta
Sin Etiquetas, Sea el primero en etiquetar este registro!
|
| LEADER | 00774nam a22002535a 4500 | ||
|---|---|---|---|
| 001 | CEM.cems010926 | ||
| 008 | 130507s1996#############b####000#0#####d | ||
| 005 | 20260618171848.0 | ||
| 245 | 1 | 0 | |a Marx para principiantes / |c Rius. |
| 260 | |a Buenos Aires : |b Era Naciente, |c 1996 | ||
| 300 | |a 160 p. | ||
| 490 | 0 | |a Para Principiantes ; |v 7 | |
| 500 | |a Traducción: Leandro Wolfson. | ||
| 504 | |a Diccionario de términos marxistas p. 143. | ||
| 020 | |a 9879065107 | ||
| 100 | 1 | |a Rius. | |
| 700 | 1 | |a Wolfson, Leandro; trad. | |
| 082 | 0 | 4 | |a 193 |
| 600 | 1 | 4 | |a Río, Horacio del |
| 653 | |a Marx | ||
| 653 | |a Marxismo | ||
| 653 | |a Para principiantes | ||
| 859 | |a CEMS |b BIB. CEMS - 11 de abril |h 193 |i R479 |p 21698.02 |t Ej.1 | ||
| 859 | |a CEMS |b BIB. CEMS - 11 de abril |h 193 |i R479 |p 30855.26 |t Ej.2 | ||
